| 000 | 01636nam0a2200337 4500 | ||
|---|---|---|---|
| 001 | RU\NLR\bibl\1154340 | ||
| 005 | 20260405122104.0 | ||
| 021 |
_aRU _b2007-69329 _93724 |
||
| 035 | _a(NLR Aleph) 001141121 | ||
| 090 |
_a1418357 _c1418357 |
||
| 100 | _a20071115d2007 |||y0rusy50 ca | ||
| 101 | 0 |
_arus _deng |
|
| 102 | _aRU | ||
| 105 | _ay ||||||||| | ||
| 200 | 1 |
_aВведение в экологию _e[учебное пособие] _fВ.Д. Федоров, С.А. Остроумов |
|
| 205 | _a[2-е изд.] | ||
| 210 |
_aМосква _cМАКС Пресс _d2007 |
||
| 215 |
_a62 с. _d22 |
||
| 225 | 1 |
_aНаука. Образование. Инновации _vВып. 6 |
|
| 300 | _aНа 61-62-й с. авт.: Федоров В.Д., д.б.н., д.чл. Рос. акад. естеств. наук, лауреат почетного звания Водный эколог года, Остроумов С.А., д.б.н. | ||
| 300 | _aРез. на англ. яз. | ||
| 320 | _aБиблиогр.: с. 56-59 | ||
| 606 | 1 |
_aЭкология _jУчебные издания для высших учебных заведений _9939347 _3RU\NLR\auth\6628592 |
|
| 686 | _aЕ081я731 | ||
| 700 | 1 |
_4070 _8rus _7ca _aФедоров _bВ. Д. _cд-р биол. наук, писатель _f1934- _gВадим Дмитриевич _3RU\NLR\auth\7748002 _930937 |
|
| 701 | 1 |
_4070 _8rus _7ca _aОстроумов _bС. А. _cд-р биол. наук _f1949- _gСергей Андреевич _3RU\NLR\AUTH\7727986 _911017 |
|
| 801 | 0 |
_aRU _bNLR _c20071115 _gRCR |
|
| 801 | 1 |
_aRU _bNLR _c20071115 |
|
| 942 | _cBOOK | ||
| 980 | _aNB | ||